| 000 | 01807cas a2200541 a 4500 | ||
|---|---|---|---|
| 999 |
_c8845 _d8845 |
||
| 001 | 11455354 | ||
| 003 | GZU | ||
| 005 | 20210526100715.0 | ||
| 008 | 941207c19939999enkar l 0 0eng c | ||
| 010 | _a 95648339 | ||
| 015 |
_aGB9331215 _2bnb |
||
| 016 | 7 |
_a012484740 _2Uk |
|
| 020 | _a9781846612886 | ||
| 022 |
_a1350-1860 _l1350-1860 |
||
| 035 | _a(OCoLC)ocm31628179 | ||
| 040 |
_aGUL _beng _cGUL _dDLC _dSYS _dNLGGC _dLVB _dOCLCQ _dUKMGB _dUKWOH _dOCLCO _dOCLCF _dOCLCO _dOCLCQ |
||
| 042 | _apcc | ||
| 043 | _ae-uk--- | ||
| 050 | 0 | 0 |
_aKD751.A29 _bF36 |
| 082 | 0 | 0 |
_a346.4101/5/0269 _a344.106150269 _220 |
| 084 |
_aKN367 FAM _qUkBrU-I _2moys |
||
| 245 | 0 | 4 | _aThe family court practice 2011. |
| 260 |
_aBristol [England] : _bFamily Law, _c2011. |
||
| 300 |
_avolumes ; _c25 cm |
||
| 310 | _aAnnual | ||
| 336 |
_atext _btxt _2rdacontent |
||
| 337 |
_aunmediated _bn _2rdamedia |
||
| 338 |
_avolume _bnc _2rdacarrier |
||
| 362 | 0 | _a1993- | |
| 590 | _aSERBIB/SERLOC merged record | ||
| 650 | 0 |
_aDomestic relations courts _zGreat Britain. |
|
| 650 | 0 |
_aActions and defenses _zGreat Britain. |
|
| 650 | 0 |
_aDomestic relations _zGreat Britain. |
|
| 650 | 6 |
_aTribunaux de la famille _zGrande-Bretagne. |
|
| 650 | 6 |
_aActions et défenses _zGrande-Bretagne. |
|
| 650 | 6 |
_aFamille _xDroit _zGrande-Bretagne. |
|
| 650 | 7 |
_aActions and defenses. _2fast _0(OCoLC)fst00796238 |
|
| 650 | 7 |
_aDomestic relations. _2fast _0(OCoLC)fst00896646 |
|
| 650 | 7 |
_aDomestic relations courts. _2fast _0(OCoLC)fst00896696 |
|
| 650 | 1 | 7 |
_aProcesrecht. _2gtt |
| 651 | 7 |
_aGreat Britain. _2fast _0(OCoLC)fst01204623 |
|
| 653 | _aPeriodical | ||
| 906 |
_a7 _bcbc _cserials _du _encip _f19 _gn-oclcserc |
||
| 942 |
_2lcc _cBK _h751 _iFAM _kKD _m2011 |
||